Estudios literarios /
Guardado en:
| Autor Principal: | |
|---|---|
| Formato: | Libro |
| Publicado: |
Buenos Aires - M'xico :
Espasa Calpe,
1952
|
| Edición: | 7a. ed. |
| Materias: | |
| Etiquetas: |
Agregar Etiqueta
Sin Etiquetas, Sea el primero en etiquetar este registro!
|
| LEADER | 00530nam a22001935a 4500 | ||
|---|---|---|---|
| 001 | CEM.cems004309 | ||
| 005 | 20060216000000.0 | ||
| 008 | 130507s1952##################000#0#####d | ||
| 003 | CEMS | ||
| 082 | 0 | 4 | |a 860 |
| 100 | 1 | |a Menéndez Pidal, Ramón | |
| 245 | 1 | 0 | |a Estudios literarios / |
| 250 | |a 7a. ed. | ||
| 260 | |a Buenos Aires - M'xico : |b Espasa Calpe, |c 1952 | ||
| 300 | |a 274 p. | ||
| 653 | |a Critica literaria | ||
| 653 | |a Literatura | ||
| 653 | |a Literatura española | ||
| 859 | |a CEMS |b BIB. CEMS - 11 de abril |h 860 |i M524a7 |p 6158.77 |t Ej.1 | ||
